000 00552nam a2200193Ia 4500
008 131103s9999 xx 000 0 und d
020 _a140209409
_cGBP4.95
040 _aLoreto College
041 _aEnglish
082 _a372/NEI
_bLCLIB/34022
100 _aNeill,A.S.
245 _aSummerhill
_b a radical approach to Child - rearing
_cA.S.Neill
260 _aHarmondsworth
_bPenguin Books
_c1961
300 _axxi,336 p.
_b illus,tables
_c 10 cm.
504 _aIncludes index
650 _aEducatary Education
850 _aLCLIB
942 _cBK
999 _c10377
_d60856